000 00384nam a2200145Ia 4500
008 230711s9999||||xx |||||||||||||| ||und||
041 _aENG
082 _a658
_bKH-H
100 _aKhandpur RS
245 0 _aHandbook of analytical instruments
250 _a1st Ed.
260 _c1989
_aNew Delhi
_bTata McGraw Hill Education Limited
650 _aUNIVESITY BUSNIESS SCHOOL
942 _cBK
999 _c2307
_d2307